000 00606pab a2200217 454500
008 180718b2007 xxu||||| |||| 00| 0 eng d
100 _aJain, Ravindra
245 _aMotivational climate in selected institutions of ICT education and training: an empirical study
260 _c2007
300 _ap.51-68.
362 _aJul
650 _aMotivation
650 _aTraining
650 _aCommunication technology
650 _aInformation technology
700 _aJain, Sarita
700 _aChatterjee, Rajat
773 _aIndian Journal of Industrial Relations
908 _aN
909 _a75879
999 _c75879
_d75879